| 000 | 01636cam a22004337a 4500 | ||
|---|---|---|---|
| 003 | CHAP | ||
| 005 | 20220329142825.0 | ||
| 008 | 040524s2004 mx r 00010 spa d | ||
| 010 | _a88309 | ||
| 011 | _a89281 | ||
| 035 | _a99832 | ||
| 040 | _cCHAP | ||
| 090 | _aTesis | ||
| 100 | 0 | 0 |
_aCastro Ceronio, Marco Polo. _920344 |
| 245 | 1 | 0 |
_aDiagnóstico descriptivo de la ganadería bovina en el municipio de Othón P. Blanco, Quintana Roo _c/por Marco Polo Castro Ceronio y Jorge Bautista Cruz |
| 260 |
_aChapingo, Méx. : _bEl autor, _c2004. |
||
| 300 |
_a64 h. ; _banexos |
||
| 502 | _aTesis (Ing. Agr. Esp. en Zootecnia) -- UACH. Departamento de Zootecnia | ||
| 530 | _aTambién disponible en línea | ||
| 590 |
_aALEPH _b10 _c20130110 _lUCH01 _h1457 |
||
| 590 |
_aBATCH-UPD _b10 _c20130110 _lUCH01 _h0736 |
||
| 590 |
_aBATCH-UPD _b10 _c20130110 _lUCH01 _h2347 |
||
| 590 |
_aBATCH-UPD _b10 _c20130410 _lUCH01 _h0418 |
||
| 590 |
_aBATCH-UPD _b10 _c20130914 _lUCH01 _h1524 |
||
| 590 |
_aBATCH-UPD _b10 _c20140324 _lUCH01 _h1443 |
||
| 590 |
_aBATCH-UPD _b10 _c20141002 _lUCH01 _h0821 |
||
| 590 |
_aBATCH _b00 _c20181121 _lUCH01 _h0758 |
||
| 590 |
_aCONVERSION _b10 _c20130109 _lUCH01 _h1349 |
||
| 650 | 1 | 4 |
_aGanado vacuno _xEstadísticas. _945463 |
| 650 | 1 | 4 |
_aGanado vacuno _zQuintana Roo. _945532 |
| 700 | 0 |
_aBautista Cruz, Jorge. _910900 |
|
| 856 |
_3Finding aid _uhttp://10.13.5.2/tesis/99832.pdf _zTeclea aqui |
||
| 856 |
_a1 _n0000831 |
||
| 901 | _aBK | ||
| 905 | _aAlejandra Carrasco M. | ||
| 942 | _cFOLL | ||
| 949 |
_aTesis _bBC _cTES _d33724000922043 _eTS2 _fc.2 _h41813 _i99832 _si |
||
| 949 |
_aTesis _bBC _cTES _d998321 _eTS1 _h41812 _i99832 _sb |
||
| 999 |
_c88309 _d88309 |
||